Las maravillas del mundo (Registro nro. 282)

Detalles MARC
000 -Cabecera
Campo de control interno 00626nam a2200217Ia 4500
005 - Fecha y hora del registro
control field 20251203123024.0
008 - Elementos de Longitud Fija
fixed length control field 251203t2000||||xx |||||||||||||| ||spa||
041 ## - Idioma
Codigo Idioma ESP
082 ## - DEWEY y NOTACIÓN INTERNA
Dewey 910.91
Notación Interna A133
110 ## - AUTOR INSTTITUCIONAL
Autor Institucional AGEA
245 #0 - TÍTULO DE MATERIAL BIBLIOGRÁFICO
Título Las maravillas del mundo
Título paralelo
260 ## - CIUDAD, EDITORIAL, AÑO
Ciudad Lima :
Nombre de la Editorial AGEA,
Año 2000
300 ## - DESCRIPCIÓN
N° Páginas 314 páginas :
Otros detalles ilustraciones ;
Dimensiones 34 cm.
Material Adicional
440 ## - MENCIÓN DE SERIE
Título de la Serie
Número de Serie
Volumen de Serie
505 ## - TABLA DE CONTENIDO
Tabla de Contenido Es un coleccionable del Diario Ojo. Presentada a traves de dieciocho fascículos.
650 ## - TEMAS
Temas Geografía
653 ## - DESCRIPTORES
Lenguajes no controlado Descripciones y viajes; Diecisiete maravillas del mundo
654 ## - PROGRAMAS
Programa Todos los programas
942 ## - ELEMENTOS DE KOHA
Tipo de documento Libro
Nombre del creador Justo Noguera
Código de catalogador Margarita Torres
Esquema de clasificación Dewey Decimal Classification
Suppress in OPAC
Existencias
Codigo completo Registro Colección Copia número Disponibilidad Tipo de préstamo Biblioteca Actual Procedencia (Biblioteca) Ubicacón Fecha Ingreso Tipo de Adquisición Date last seen Total checkouts Price effective from Tipo de Item Estado del Material Fuente de Clasificación Damaged status Withdrawn status
910.91 A133 1085161 Colección Vera Bejar 1   Restringido Víctor Andrés Belaunde Víctor Andrés Belaunde Planta baja cerrada 03/12/2025 Donación 03/12/2025   03/12/2025 Libro Bueno Dewey Decimal Classification   Withdrawn